Les Aventures de Tintin - L'Étoile mystérieuse - Statistiques

Statistiques générales
  • Ce quiz a été pris 549 fois
  • Le résultat moyen est 14 sur 18
Statistiques - réponses
Question Réponse % Correct
Tintin remarque une étrange lueur dans le ciel. Qui appelle-t-il directement ? L'observatoire
95%
Quel est le nom du bateau à bord duquel embarque l'expédition ? L'Aurore
94%
Quel arbre a poussé en une nuit sur l'aérolithe ? Un pommier
94%
Quel navire concurrent part en expédition polaire, pour atteindre l'aérolithe le premier ? Le Peary
89%
Lequel de ces phénomènes NE SE PRODUIT PAS à l'approche de la météorite ? Les chiens hurlent à la mort
88%
Pour fêter sa découverte, que propose-t-il à Tintin ? Des caramels mous
87%
Comment se nomme le vieil ami du capitaine Haddock, qui l'aide à ravitailler son bateau ? Chester
86%
Comment baptise-t-il le métal dont il a fait la découverte ? Le calystène
86%
Comment se nomme le prophète fou qui prédit la fin des temps ? Philippulus
84%
Dans quel pays l'expédition fait-elle escale pour se ravitailler en carburant ? En Islande
78%
Et comment se nomme le directeur de l'observatoire ? Hippolyte Calys
74%
Et enfin, quelle est la particularité de cet album ? Il est le premier à paraître directement en couleurs
73%
Comment se nomme l'homme d'affaires qui a financé cette seconde expédition rivale ? Bohlwinkel
63%
Comment s'appelle l'association dont le capitaine Haddock est président ? La Ligue des Marins Antialcooliques
61%
Combien Tintin rencontre-t-il d'animaux géants sur l'aérolithe ? Deux
59%
Comment se nomme le faux bateau en difficulté, imaginé par les rivaux de l'expédition pour en ralentir la progression ? Le Vilnaranda
55%
Les fonds nécessaires à l'expédition sont fournis par... Le Fonds Européen de Recherches Scientifiques
44%
Lequel de ces pays N'A PAS de représentant scientifique dans l'expédition ? L'Italie
44%
Aucun quiz correspondant
Distribution des résultats
% des personnes avec chaque résultat
Percentile par nombre de réponses
Votre historique - résultats
Vous n’avez pas pris ce quiz